ბათუმის შოთა რუსთაველის სახელმწიფო უნივერსიტეტის ბიბლიოთეკა

Lehr und übungsbuch der deutschen grammatik (ბიბ.ჩანაწერი № 50398)

000 -LEADER
fixed length control field 00479nam a2200205Ia 4500
001 - CONTROL NUMBER
control field 17342
003 - CONTROL NUMBER IDENTIFIER
control field GE_BSU
008 - FIXED-LENGTH DATA ELEMENTS--GENERAL INFORMATION
fixed length control field 181216s||||||||xx |||||||||||||| ||und||
020 ## - INTERNATIONAL STANDARD BOOK NUMBER
International Standard Book Number 3190072558
040 ## - CATALOGING SOURCE
Transcribing agency GE_BSU
080 ## - UNIVERSAL DECIMAL CLASSIFICATION NUMBER
Universal Decimal Classification number 811.112
100 ## - MAIN ENTRY--PERSONAL NAME
Personal name Dreyer,Hikle
245 ## - TITLE STATEMENT
Title Lehr und übungsbuch der deutschen grammatik
260 ## - PUBLICATION, DISTRIBUTION, ETC.
Place of publication, distribution, etc. Munchen
260 ## - PUBLICATION, DISTRIBUTION, ETC.
Date of publication, distribution, etc. 2000
300 ## - PHYSICAL DESCRIPTION
Extent 359p.
653 ## - INDEX TERM--UNCONTROLLED
Uncontrolled term Lehr und übungsbuch der deutschen grammatik
942 ## - ADDED ENTRY ELEMENTS (KOHA)
Koha item type წიგნი
ეგზემპლარები
Withdrawn status Lost status Damaged status Not for loan Date acquired Barcode Date last seen Price effective from Koha item type
        2018-12-17 1484 2018-12-17 2018-12-17 წიგნი